| Tag |
First Indicator |
Second Indicator |
Subfields |
| LEADER |
00000cam a2200000 a 4500 |
| 001 |
in00000091144 |
| 005 |
20150923131346.0 |
| 008 |
811106s1982 mdua b 00100 eng |
| 010 |
|
|
|a 81020674
|
| 020 |
|
|
|a 0894433814
|
| 035 |
|
|
|a (OCoLC)07999074
|
| 035 |
|
|
|9 AAK6732AM
|
| 039 |
0 |
|
|a 2
|b 3
|c 3
|d 3
|e 3
|
| 040 |
|
|
|a DLC
|c DLC
|d WAU
|d UtOrBLW
|
| 043 |
|
|
|a n-us---
|
| 049 |
|
|
|a TXAM
|c [1633287]
|
| 050 |
0 |
0 |
|a RA410
|b I87
|
| 082 |
0 |
|
|a 362.1
|2 19
|
| 096 |
|
|
|a W74 I86 1982
|
| 245 |
0 |
0 |
|a Issues in health economics /
|c edited by Roice D. Luke and Jeffrey C. Bauer.
|
| 264 |
|
1 |
|a Rockville, Md. :
|b Aspen Systems Corp.,
|c 1982.
|
| 300 |
|
|
|a x, 624 pages :
|b illustrations ;
|c 27 cm.
|
| 336 |
|
|
|a text
|b txt
|2 rdacontent
|
| 337 |
|
|
|a unmediated
|b n
|2 rdamedia
|
| 338 |
|
|
|a volume
|b nc
|2 rdacarrier
|
| 504 |
|
|
|a Includes bibliographical references and index.
|
| 650 |
|
0 |
|a Medical economics.
|
| 650 |
|
0 |
|a Medical economics
|z United States.
|
| 650 |
|
2 |
|a Economics, Medical
|z United States.
|
| 700 |
1 |
|
|a Luke, Roice D.
|
| 700 |
1 |
|
|a Bauer, Jeffrey C.
|
| 999 |
|
|
|a MARS
|
| 999 |
f |
f |
|s 771a47c1-6f25-3f1b-a90f-739057216f1f
|i 483c36af-016a-394b-a64d-05961cf503a6
|t 0
|
| 952 |
f |
f |
|p ric
|a Texas A&M University
|b Rellis Campus
|c Joint Library Facility
|d Remote Storage
|t 0
|e RA410 I87
|h Library of Congress classification
|i unmediated -- volume
|m A14806004431
|
| 998 |
f |
f |
|a RA410 I87
|t 0
|l Remote Storage
|